000 01103nam a2200301 a 4500
001 000001961
003 DO-SdBNP
005 20250425110459.0
007 ta
008 090630s1991 dr acd 000 0 spa d
040 _aDO-SdBNP
_bspa
_cBNPHU
082 4 _a332.11097293
_bM491c
_222
100 1 _aMedina, Abraham
_96361
245 1 0 _a50 años de historia bancaria :
_bBanco de Reservas /
_cAbraham Medina.
246 1 0 _aCincuenta años de historia :
_bBanco de Reservas
246 1 0 _aBanco de Reservas :
_b50 años de historia bancaria
260 _aSanto Domingo :
_bBanco de Reservas,
_c1991.
300 _a541 p. :
_bil., graf., retr. ;
_c22 cm.
500 _aIncluye índice
504 _aBibliografía : p. 545-546
590 _aInventariado, 2020 / DG
610 2 0 _aBanco de Reservas de la República Dominicana
_xHistoria
_96285
650 4 _aBancos
_zRepública Dominicana
_xHistoria
_96283
650 4 _aBancos
_xLegislación
_zRepública Dominicana
_96284
710 2 _aBanco de Reservas de la República Dominicana
_96285
910 _aValidado.Control de calidad. MFF
942 _2ddc
_cLBS1
999 _c1827
_d1827